000 00376 a2200109 4500
001 ART_25960
005 20260410161935.0
008 260409a
245 1 0 _aReflexiones sobre algunos indicadores económicos
100 1 _aAlemann, Roberto T.
773 0 _tAnales de la Academia Nacional de Ciencias Económicas
_g- Vol. XLVII, (2002) (ene. 2002)
_wREV25596
999 _c28956
_d28956